000 00347nam a22001457a 4500
008 210527b ||||| |||| 00| 0 eng d
020 _a0891813136
041 _aeng
080 _a91
082 _a91
100 _a42
101 _aGJEO
245 _aInterregional Unconformities and Hydrocarbon Accumulation
_cJohn S. Schlee
942 _2udc
_cBK
999 _c57712
_d57712